| 000 | 00870nam a22002654a 4500 | ||
|---|---|---|---|
| 001 | 198517 | ||
| 005 | 20260624233817.0 | ||
| 008 | 260624b2026 sp ||||| |||| 00| 0 spa d | ||
| 017 | _aM 10719-2026 | ||
| 020 | _a979-13-87751-09-8 | ||
| 040 |
_bspa _cES-MaACL |
||
| 100 | 1 |
_aPerán Elvira, Antonio, _d1954- _9176407 |
|
| 245 | _aAntirrimas de la luna | ||
| 250 | _aPrimera edición: mayo 2026 | ||
| 300 |
_a142 páginas _c21 cm |
||
| 336 |
_2rdacontent _atexto |
||
| 337 |
_2rdamedia _asin mediación |
||
| 338 |
_2rdacarrier _avolumen |
||
| 500 | _aRegistro provisional. DJ-41. Depósito J | ||
| 852 |
_aES-MaACL _cDEPOJ _jDJ-41 _xEncuadenación rustica con solapas _zEn proceso |
||
| 942 |
_2udc _cMONOGRAFIA _n0 |
||
| 999 |
_c198517 _d198517 |
||